Značkovanie zdrojových kódov

Saved in:
Bibliographic Details
Main Author: Varga, Jozef (Author)
Other Authors: Rástočný, Karol (Thesis advisor)
Format: Manuscript Book
Language:Slovak
Published: 2018
Subjects:
Online Access:http://is.stuba.sk/zp/portal_zp.pl?podrobnosti=123083
Tags: Add Tag
No Tags, Be the first to tag this record!

MARC

LEADER 00000ntm a22000003a 4500
001 stuzp70344
003 SK-STU
005 20190208163241.0
007 ta
008 150427s2015----xo-----f-mn---000-0-slo-d
040 |a STU  |b slo 
041 0 |a slo 
044 |a xo 
100 1 |a Varga, Jozef  |u 070200  |4 aut  |U FIIT Fakulta informatiky a informačných technológií  |T FIIT Ústav informatiky, informačných systémov a softvérového inžinierstva  |X 53161  |U I200  |Y 179  |7 53161 
242 0 1 |a Source code tagging  |y eng 
245 1 0 |a Značkovanie zdrojových kódov 
260 |c 2018 
300 |a 35 s., príl. 
650 4 |a Aplikačné logovanie  |2 slo 
650 4 |a Vizualizácia  |2 slo 
650 4 |a Zdrojový kód  |2 slo 
650 4 |a Visualization  |2 eng 
650 4 |a Source code  |2 eng 
650 4 |a Application logging  |2 eng 
700 1 |a Rástočný, Karol  |u 070200  |k Z1  |4 ths  |U FIIT Fakulta informatiky a informačných technológií  |T FIIT Ústav informatiky, informačných systémov a softvérového inžinierstva  |X 36279  |U I200  |Y 179  |7 36279 
856 4 |u http://is.stuba.sk/zp/portal_zp.pl?podrobnosti=123083 
996 |b IZP20180063  |c I*BAP55/18  |l II680  |s P  |a 0  |w stuzp70344_0001